| 000 | 00545nam a2200181Ia 4500 | ||
|---|---|---|---|
| 005 | 20250423100739.0 | ||
| 008 | 250422s9999 xx 000 0 und d | ||
| 020 | _a9781597842037 | ||
| 050 | _aBP 166 .G8513/ | ||
| 100 | _aGülen, M. Fethullah | ||
| 245 | 0 | _aQuestions & answers about Islam = Asrın getirdiği tereddütler | |
| 260 | _aNew Jersey | ||
| 260 | _bTughra Books | ||
| 260 | _c2005 | ||
| 300 | _a176 p | ||
| 650 | _aIslam _ Theology _ Miscellanea Islam _ Doctrines _ Miscellanea İslam _ Teoloji İslam _ Akaid | ||
| 942 | _cBK | ||
| 999 |
_c34223 _d34223 |
||